Dịch vụ giáo dục - Quản lý và kiểm định

Giới thiệu một số mô hình quản lý đảm bảo chất lượng giáo dục Đại học. Các cơ sở giáo dục có thể suy ngẫm, tìm cách áp dụng để tồn tại và phát triển. Thông qua tính toán chi phí ẩn của sản xuất - sử dụng, biết được hiệu quả xã hộ...

全面介紹

Đã lưu trong:
書目詳細資料
主要作者: Nguyễn, Quang Toản
格式: 圖書
語言:Undetermined
出版: Thành phố Hồ Chí Minh Nxb. Đại học Quốc gia Thành phố Hồ Chí Minh 2014
主題:
標簽: 添加標簽
沒有標簽, 成為第一個標記此記錄!
Thư viện lưu trữ: Trung tâm Học liệu Trường Đại học Cần Thơ
LEADER 01104nam a2200217Ia 4500
001 CTU_196543
008 210402s9999 xx 000 0 und d
020 |c 70000 
082 |a 370.597 
082 |b T406 
100 |a Nguyễn, Quang Toản 
245 0 |a Dịch vụ giáo dục - Quản lý và kiểm định 
245 0 |c Nguyễn Quang Toản 
260 |a Thành phố Hồ Chí Minh 
260 |b Nxb. Đại học Quốc gia Thành phố Hồ Chí Minh 
260 |c 2014 
520 |a Giới thiệu một số mô hình quản lý đảm bảo chất lượng giáo dục Đại học. Các cơ sở giáo dục có thể suy ngẫm, tìm cách áp dụng để tồn tại và phát triển. Thông qua tính toán chi phí ẩn của sản xuất - sử dụng, biết được hiệu quả xã hội tương đối của dịch vụ giáo dục. 
650 |a Education,Giáo dục 
650 |z Vietnam,Việt Nam 
904 |i Hải 
980 |a Trung tâm Học liệu Trường Đại học Cần Thơ